[Event "Ermont 01st Op"]
[Site "Ermont"]
[Date "2009.05.08"]
[Round "2.4"]
[White "Roy, A."]
[Black "Pozdnjakov, Evgueniy"]
[Result "0-1"]
[WhiteElo "1889"]
[BlackElo "2263"]
[PlyCount "68"]
[EventDate "2009.05.12"]
[EventType "swiss"]
[EventRounds "6"]
[EventCountry "FRA"]

1. Nf3 d5 2. c4 c6 3. b3 Nf6 4. Bb2 Bf5 5. d3 h6 6. g3 e6 7. Bg2 Nbd7 8. Nbd2
Be7 9. e4 dxe4 10. dxe4 Bxe4 11. Nxe4 Nxe4 12. Bxg7 Qa5+ 13. Kf1 Rh7 14. Bd4
Rd8 15. Qc2 Ndf6 16. Re1 c5 17. Bxf6 Nxf6 18. Bh3 Rg7 19. Kg2 Nh5 20. Kf1 Rd6
21. Ke2 b5 22. Rd1 bxc4 23. Rxd6 Bxd6 24. bxc4 f5 25. Rb1 Rd7 26. Rb5 Qa6 27.
Qb2 Kf7 28. Qd2 Nf6 29. Bg2 Bxg3 30. Qb2 Qd6 31. Qc2 Bxh2 32. Nxh2 Qxh2 33. Bc6
Ng4 34. Bxd7 Qxf2+ 0-1

[Event "Ermont 01st Op"]
[Site "Ermont"]
[Date "2009.05.08"]
[Round "2.5"]
[White "Taramelli, Marc"]
[Black "Sauvetre, Alain"]
[Result "1-0"]
[WhiteElo "1877"]
[BlackElo "2068"]
[PlyCount "60"]
[EventDate "2009.05.12"]
[EventType "swiss"]
[EventRounds "6"]
[EventCountry "FRA"]

1. e4 e6 2. d4 d5 3. Nc3 dxe4 4. Nxe4 Nf6 5. Bd3 Be7 6. Nf3 Nxe4 7. Bxe4 Nd7 8.
O-O Nf6 9. Bd3 O-O 10. c3 b6 11. Bg5 Bb7 12. Qe2 c5 13. Rad1 cxd4 14. Bxf6 Bxf6
15. Be4 Qc8 16. Bxb7 Qxb7 17. Nxd4 Rfd8 18. Nf3 b5 19. Ne5 Rd5 20. Rxd5 Qxd5
21. Ng4 Be7 22. Rd1 Qb7 23. Qd3 h5 24. Ne5 Rd8 25. Qe2 g6 26. Rxd8+ Bxd8 27.
Qd3 Bb6 28. Nd7 a6 29. Qd6 Qe4 30. Qf8+ Kh7 1-0

[Event "Ermont 01st Op"]
[Site "Ermont"]
[Date "2009.05.08"]
[Round "2.6"]
[White "Masset, Jacques"]
[Black "Lievre, Vincent"]
[Result "1-0"]
[WhiteElo "1847"]
[BlackElo "2053"]
[PlyCount "61"]
[EventDate "2009.05.12"]
[EventType "swiss"]
[EventRounds "6"]
[EventCountry "FRA"]

1. d4 e6 2. c4 b6 3. a3 Bb7 4. d5 f5 5. Nc3 Nf6 6. dxe6 Be7 7. exd7+ Nbxd7 8.
Nf3 Bxf3 9. exf3 Nc5 10. Be3 O-O 11. Be2 Qe8 12. O-O Rd8 13. Qc2 Nh5 14. Nd5
Bd6 15. b4 Ne6 16. Bd3 Nef4 17. Nxf4 Nxf4 18. Bxf5 Qe5 19. Bxh7+ Kh8 20. g3 Qh5
21. Bxf4 Rxf4 22. Bg6 Qh6 23. Rad1 Rxf3 24. c5 bxc5 25. bxc5 Be7 26. Rxd8+ Bxd8
27. Re1 Rf8 28. Qf5 Bf6 29. Re4 Qc1+ 30. Kg2 Qg5 31. Rh4+ 1-0

[Event "Ermont 01st Op"]
[Site "Ermont"]
[Date "2009.05.09"]
[Round "3.1"]
[White "Gaillard, Michel"]
[Black "Guliyev, Namig"]
[Result "0-1"]
[WhiteElo "1970"]
[BlackElo "2534"]
[PlyCount "92"]
[EventDate "2009.05.12"]
[EventType "swiss"]
[EventRounds "6"]
[EventCountry "FRA"]

1. d4 d5 2. c4 dxc4 3. Qa4+ c6 4. Qxc4 Nf6 5. Nf3 Bf5 6. Nc3 Nbd7 7. Ng5 Bg6 8.
e4 h6 9. e5 hxg5 10. exf6 gxf6 11. Be3 e6 12. Be2 Bd6 13. h3 f5 14. O-O-O f4
15. Bd2 Qc7 16. Bf3 Nb6 17. Qb3 Nd5 18. Rde1 O-O-O 19. Be4 Nxc3 20. Bxg6 Nb5
21. Bd3 Nxd4 22. Qa4 Bc5 23. Bc3 e5 24. Ba5 Bb6 25. Bxb6 axb6 26. Kb1 Kb8 27.
Qa3 f5 28. f3 Rd5 29. Bc4 Rd7 30. Qc3 b5 31. Bb3 c5 32. a4 b4 33. Qc4 Rhd8 34.
Rc1 e4 35. fxe4 fxe4 36. Bd1 Rd5 37. h4 gxh4 38. Rxh4 Nf5 39. Rh8 Ne3 40. Rxd8+
Qxd8 41. Qxe4 Nxd1 42. Qxf4+ Ka7 43. g4 Qh8 44. Rc2 b3 45. Rh2 Qxb2+ 46. Rxb2
Nc3+ 0-1

[Event "Ermont 01st Op"]
[Site "Ermont"]
[Date "2009.05.09"]
[Round "3.2"]
[White "Shoker, Samy"]
[Black "Fabre, Nicolas"]
[Result "1-0"]
[WhiteElo "2404"]
[BlackElo "1930"]
[PlyCount "39"]
[EventDate "2009.05.12"]
[EventType "swiss"]
[EventRounds "6"]
[EventCountry "FRA"]

1. g3 d5 2. Bg2 Nf6 3. d3 c6 4. Nd2 e5 5. e4 Bg4 6. Ngf3 h6 7. h3 Bxf3 8. Qxf3
Nbd7 9. O-O Qc7 10. exd5 Nxd5 11. a3 Bd6 12. c4 N5f6 13. b4 Rb8 14. c5 Be7 15.
Bb2 O-O 16. Rfe1 Rfe8 17. Re2 Nd5 18. Rae1 Bf8 19. Nc4 N5f6 20. Nxe5 1-0

[Event "Ermont 01st Op"]
[Site "Ermont"]
[Date "2009.05.09"]
[Round "3.3"]
[White "Eggenspieler, Fabien"]
[Black "Debray, Christopher"]
[Result "0-1"]
[WhiteElo "1859"]
[BlackElo "2299"]
[PlyCount "58"]
[EventDate "2009.05.12"]
[EventType "swiss"]
[EventRounds "6"]
[EventCountry "FRA"]

1. e4 c5 2. d4 cxd4 3. c3 g6 4. cxd4 d5 5. e5 Bg7 6. Nf3 Bg4 7. Be3 Nc6 8. h3
Bxf3 9. Qxf3 Qb6 10. Nc3 Qxb2 11. Rc1 Nxd4 12. Qxd5 Rd8 13. Bb5+ Nxb5 14. Qxb5+
Qxb5 15. Nxb5 Bxe5 16. Bxa7 Nf6 17. Bb6 Rb8 18. Ba7 Ra8 19. Nc7+ Bxc7 20. Rxc7
O-O 21. Rxb7 Rfd8 22. O-O Rd7 23. Rfb1 Rxa7 24. Rb8+ Kg7 25. R1b2 Rd1+ 26. Kh2
Ra1 27. Rd8 R1xa2 28. Rbb8 Rxf2 29. Kg1 Raa2 0-1

[Event "Ermont 01st Op"]
[Site "Ermont"]
[Date "2009.05.09"]
[Round "3.4"]
[White "Pozdnjakov, Evgueniy"]
[Black "Taramelli, Marc"]
[Result "1-0"]
[WhiteElo "2263"]
[BlackElo "1877"]
[PlyCount "63"]
[EventDate "2009.05.12"]
[EventType "swiss"]
[EventRounds "6"]
[EventCountry "FRA"]

1. d4 d5 2. Nf3 Nf6 3. e3 e6 4. Bd3 Be7 5. Nbd2 b6 6. b3 Bb7 7. Bb2 Nbd7 8. O-O
O-O 9. Qe2 Ne4 10. Bxe4 dxe4 11. Ne5 f5 12. Nxd7 Qxd7 13. a4 Bf6 14. Rfd1 Rad8
15. a5 b5 16. a6 Ba8 17. Ba3 Rfe8 18. Bc5 c6 19. f3 e5 20. c3 exd4 21. cxd4 Be7
22. b4 Bxc5 23. bxc5 exf3 24. Nxf3 Qe6 25. Ne5 Qd5 26. Rf1 g6 27. Qf3 Rxe5 28.
dxe5 Qxc5 29. Rfd1 Re8 30. Qf4 Qe7 31. e4 fxe4 32. Rd6 1-0

[Event "Ermont 01st Op"]
[Site "Ermont"]
[Date "2009.05.09"]
[Round "3.6"]
[White "Le Minh Trung, Remy"]
[Black "Lounes, A."]
[Result "1-0"]
[WhiteElo "2078"]
[BlackElo "1600"]
[PlyCount "77"]
[EventDate "2009.05.12"]
[EventType "swiss"]
[EventRounds "6"]
[EventCountry "FRA"]

1. e4 d6 2. d4 Nf6 3. Bd3 g6 4. f4 Bg7 5. Nf3 O-O 6. O-O Na6 7. e5 Nd7 8. c3 c5
9. Be3 Nc7 10. Na3 cxd4 11. cxd4 Nd5 12. Bd2 N7b6 13. Be4 Bd7 14. Qe2 Bc6 15.
Rad1 e6 16. b3 dxe5 17. dxe5 Qe7 18. Nc4 Bb5 19. Kh1 Rac8 20. Rc1 Rfd8 21. Bd3
Bc6 22. Nd6 Rc7 23. Ng5 Qf8 24. Ba5 h6 25. Nge4 Nxf4 26. Rxf4 Bxe5 27. Rxf7
Rxf7 28. Nxf7 Qxf7 29. Rf1 Qg7 30. Nc5 Bd5 31. Re1 Qe7 32. Na4 Qg5 33. Nxb6
axb6 34. Bxb6 Rc8 35. Bc4 Rc6 36. Bxd5 Rxb6 37. Qxe5 exd5 38. Qe8+ Kg7 39. Re7+
1-0

[Event "Ermont 01st Op"]
[Site "Ermont"]
[Date "2009.05.09"]
[Round "4.1"]
[White "Debray, Christopher"]
[Black "Shoker, Samy"]
[Result "0-1"]
[WhiteElo "2404"]
[BlackElo "2399"]
[PlyCount "116"]
[EventDate "2009.05.12"]
[EventType "swiss"]
[EventRounds "6"]
[EventCountry "FRA"]

1. e4 g6 2. d4 Bg7 3. Nc3 d6 4. Be3 a6 5. Qd2 Nd7 6. Nf3 b5 7. a4 b4 8. Ne2 c5
9. Ng3 Bb7 10. Bd3 Ngf6 11. Bh6 Bxh6 12. Qxh6 cxd4 13. O-O e5 14. Nd2 Ng4 15.
Qh3 h5 16. Nc4 Nc5 17. f3 Ne3 18. Nxe3 dxe3 19. Ne2 d5 20. f4 Nxd3 21. cxd3
dxe4 22. dxe4 Qd3 23. Rad1 Qxe4 24. Qd7+ Kf8 25. Rf3 Qc6 26. Qxc6 Bxc6 27. Rxe3
exf4 28. Nxf4 Bxa4 29. Rd6 Bb5 30. Nd5 Rc8 31. Nxb4 Rc1+ 32. Kf2 Rb1 33. Rd2
Rf1+ 34. Kg3 Kg7 35. h4 Rc8 36. b3 Rb1 37. Ra2 Rd8 38. Nxa6 Rd4 39. Nc5 Rg4+
40. Kh2 Rxh4+ 41. Rh3 Rd4 42. Ra7 Rdd1 43. Rf3 Rh1+ 44. Kg3 h4+ 45. Kf4 Bc6 46.
Ne6+ Kg8 47. Rc3 Rbc1 48. Rxc1 Rxc1 49. Nd8 Bxg2 50. Kg5 Bd5 51. Kxh4 Bxb3 52.
Rb7 Rh1+ 53. Kg5 Rh5+ 54. Kf6 Rf5+ 55. Ke7 Bd5 56. Rb5 Kg7 57. Kd6 Be4 58. Rb4
Bf3 0-1

[Event "Ermont 01st Op"]
[Site "Ermont"]
[Date "2009.05.09"]
[Round "4.2"]
[White "Koch, A."]
[Black "Pozdnjakov, Evgueniy"]
[Result "0-1"]
[WhiteElo "1971"]
[BlackElo "2263"]
[PlyCount "140"]
[EventDate "2009.05.12"]
[EventType "swiss"]
[EventRounds "6"]
[EventCountry "FRA"]

1. e4 e6 2. d4 d5 3. exd5 exd5 4. Nf3 Nf6 5. Nc3 c6 6. Be2 Bd6 7. Bg5 Bf5 8.
Bd3 Bxd3 9. Qxd3 O-O 10. O-O Nbd7 11. Rae1 h6 12. Bh4 Bb4 13. Ne5 Qa5 14. Nxd7
Nxd7 15. a3 Bxc3 16. Qxc3 Qxc3 17. bxc3 Rfe8 18. f3 f6 19. Kf2 Nb6 20. Rxe8+
Rxe8 21. Rb1 Re7 22. Bg3 Nc4 23. Bf4 b5 24. a4 Rb7 25. Bc1 Kf7 26. Ke2 Re7+ 27.
Kf2 Rb7 28. Ke2 Ke8 29. h4 h5 30. Kf2 Kd8 31. Ke2 Kc8 32. Ra1 a5 33. Ba3 bxa4
34. Bc1 Kd7 35. g4 hxg4 36. fxg4 Ke6 37. h5 Kf7 38. Kf3 g5 39. hxg6+ Kxg6 40.
Rxa4 Rb1 41. Bf4 Rb2 42. Bc7 Rxc2 43. Bxa5 Nxa5 44. Rxa5 Rxc3+ 45. Kf4 Rc4 46.
Ke3 Kg5 47. Ra8 Kxg4 48. Rg8+ Kf5 49. Kd3 Kf4 50. Rg1 f5 51. Rf1+ Kg5 52. Rg1+
Kf6 53. Rf1 Ra4 54. Rh1 Ra3+ 55. Ke2 Kg5 56. Rc1 Ra6 57. Rg1+ Kf4 58. Kd3 Ra3+
59. Kd2 Ke4 60. Rg6 Rd3+ 61. Ke2 Rc3 62. Rf6 f4 63. Kd2 Rc4 64. Ke2 f3+ 65. Ke1
Ke3 66. Re6+ Kxd4 67. Kf2 Rc3 68. Rh6 Kc5 69. Rh5 Kc4 70. Rh6 c5 0-1

[Event "Ermont 01st Op"]
[Site "Ermont"]
[Date "2009.05.09"]
[Round "4.4"]
[White "Jeannesson, Stanislas"]
[Black "Freyd, Laurent"]
[Result "0-1"]
[WhiteElo "1890"]
[BlackElo "2024"]
[PlyCount "50"]
[EventDate "2009.05.12"]
[EventType "swiss"]
[EventRounds "6"]
[EventCountry "FRA"]

1. e4 c6 2. Nc3 d5 3. Nf3 Bg4 4. h3 Bh5 5. g4 Bg6 6. exd5 cxd5 7. h4 d4 8. Bb5+
Nc6 9. Ne5 Qd6 10. Nxg6 Qxg6 11. h5 Qe6+ 12. Ne2 Qxg4 13. d3 Qf3 14. Ng3 Qxd1+
15. Kxd1 a6 16. Bxc6+ bxc6 17. Bf4 e6 18. Be5 O-O-O 19. h6 f6 20. hxg7 Bxg7 21.
Nh5 fxe5 22. Nxg7 Kd7 23. Re1 Nf6 24. Rxe5 Rdg8 25. Rg5 Ne8 0-1

[Event "Ermont 01st Op"]
[Site "Ermont"]
[Date "2009.05.09"]
[Round "4.5"]
[White "Jactel, Nikolas"]
[Black "Taramelli, Marc"]
[Result "1-0"]
[WhiteElo "2055"]
[BlackElo "1877"]
[PlyCount "57"]
[EventDate "2009.05.12"]
[EventType "swiss"]
[EventRounds "6"]
[EventCountry "FRA"]

1. e4 c5 2. Nf3 d6 3. d4 cxd4 4. Nxd4 Nf6 5. Nc3 g6 6. Be3 Bg7 7. f3 O-O 8. Qd2
Nc6 9. O-O-O Bd7 10. g4 Rc8 11. h4 Ne5 12. Kb1 Nc4 13. Bxc4 Rxc4 14. h5 Qa5 15.
Bh6 Nxe4 16. fxe4 Rxd4 17. Qe3 Rxd1+ 18. Nxd1 Bxg4 19. hxg6 Qe5 20. gxh7+ Kh8
21. Bxg7+ Qxg7 22. Qxa7 Bxd1 23. Rxd1 Qg4 24. Qd4+ f6 25. b3 Rf7 26. Rg1 Qe6
27. Qb6 Qd7 28. Rg8+ Kxh7 29. Qg1 1-0

[Event "Ermont 01st Op"]
[Site "Ermont"]
[Date "2009.05.09"]
[Round "4.6"]
[White "Nossein, Francis"]
[Black "Lievre, Vincent"]
[Result "1-0"]
[WhiteElo "1840"]
[BlackElo "2053"]
[PlyCount "45"]
[EventDate "2009.05.12"]
[EventType "swiss"]
[EventRounds "6"]
[EventCountry "FRA"]

1. e4 e6 2. d4 d5 3. Nd2 Nf6 4. e5 Nfd7 5. f4 Be7 6. Ndf3 h6 7. Ne2 c5 8. c3 b6
9. g3 Ba6 10. Bh3 Bxe2 11. Qxe2 g6 12. Qd3 Nc6 13. Bxe6 fxe6 14. Qxg6+ Kf8 15.
Qxe6 Ndb8 16. f5 Bg5 17. Nxg5 hxg5 18. h4 cxd4 19. cxd4 Nxd4 20. Qg6 Nf3+ 21.
Kf2 Nxe5 22. Qe6 Qf6 23. Qxf6+ 1-0

[Event "Ermont 01st Op"]
[Site "Ermont"]
[Date "2009.05.09"]
[Round "4.3"]
[White "Masset, Jacques"]
[Black "Le Minh Trung, Remy"]
[Result "1-0"]
[WhiteElo "1847"]
[BlackElo "2078"]
[PlyCount "121"]
[EventDate "2009.05.12"]
[EventType "swiss"]
[EventRounds "6"]
[EventCountry "FRA"]

1. d4 d5 2. c4 e6 3. Nc3 f5 4. Nf3 Nf6 5. Bg5 c6 6. e3 Bd6 7. Bd3 O-O 8. O-O
Qe8 9. Ne5 Bxe5 10. dxe5 Ng4 11. Bf4 Nd7 12. cxd5 exd5 13. Bxf5 Rxf5 14. Qxg4
Nxe5 15. Qe2 Bd7 16. Bg3 Ng6 17. Rad1 Qe6 18. e4 dxe4 19. Qxe4 Qxe4 20. Nxe4
Be6 21. Nd6 Rd5 22. Rxd5 Bxd5 23. a3 b6 24. Re1 a5 25. f4 Kf8 26. f5 Nh8 27.
Bh4 h6 28. Be7+ Kg8 29. f6 gxf6 30. Bxf6 Nf7 31. Nf5 a4 32. Ne7+ Kh7 33. Nxd5
cxd5 34. Re6 Rb8 35. Bd4 b5 36. Rf6 Rb7 37. h4 Kg8 38. g4 b4 39. Rg6+ Kf8 40.
Bc5+ Ke8 41. Bxb4 d4 42. Re6+ Kd8 43. Kf2 Rb5 44. Ra6 d3 45. Rxa4 d2 46. Ke2
Ne5 47. Kxd2 Nxg4 48. Bc3 Nh2 49. Rf4 h5 50. a4 Rb7 51. Rf5 Rh7 52. a5 Kc8 53.
b4 Ng4 54. Rd5 Kb7 55. b5 Nf2 56. a6+ Kc8 57. Bd4 Ne4+ 58. Ke3 Re7 59. b6 Re8
60. b7+ Kb8 61. Be5+ 1-0

[Event "Ermont 01st Op"]
[Site "Ermont"]
[Date "2009.05.10"]
[Round "5.1"]
[White "Shoker, Samy"]
[Black "Pozdnjakov, Evgueniy"]
[Result "1-0"]
[WhiteElo "2404"]
[BlackElo "2263"]
[PlyCount "75"]
[EventDate "2009.05.12"]
[EventType "swiss"]
[EventRounds "6"]
[EventCountry "FRA"]

1. g3 d5 2. Bg2 e5 3. d3 Nf6 4. Nf3 Nc6 5. O-O Be7 6. c3 a5 7. Qc2 O-O 8. Nbd2
h6 9. b3 Be6 10. Bb2 Nd7 11. a3 f5 12. c4 d4 13. e3 dxe3 14. fxe3 Bf6 15. d4
exd4 16. exd4 Ne7 17. d5 Bxb2 18. Qxb2 Bf7 19. Nd4 g6 20. Rae1 Ra6 21. Qc3 c5
22. Nb5 Nc8 23. Qe3 Kg7 24. g4 Rf6 25. gxf5 Rxf5 26. Ne4 b6 27. Qc3+ Kh7 28.
Bh3 Qh4 29. Bxf5 gxf5 30. Ng3 f4 31. Qg7+ Kxg7 32. Nf5+ Kf6 33. Nxh4 Kg5 34.
Nf3+ Kf5 35. Rf2 Bh5 36. Re6 Rf6 37. Nc7 Nd6 38. Nh4+ 1-0

[Event "Ermont 01st Op"]
[Site "Ermont"]
[Date "2009.05.10"]
[Round "5.2"]
[White "Freyd, Laurent"]
[Black "Debray, Christopher"]
[Result "0-1"]
[WhiteElo "2024"]
[BlackElo "2299"]
[PlyCount "130"]
[EventDate "2009.05.12"]
[EventType "swiss"]
[EventRounds "6"]
[EventCountry "FRA"]

1. e4 c5 2. Nf3 e6 3. d4 cxd4 4. Nxd4 Nc6 5. Nxc6 bxc6 6. c4 Nf6 7. Nc3 Bb4 8.
a3 Bxc3+ 9. bxc3 Nxe4 10. Qg4 Qf6 11. Qf3 Nxc3 12. Qxf6 gxf6 13. Bb2 Ne4 14. f3
Nc5 15. Bxf6 Rg8 16. O-O-O Rg6 17. Bh4 e5 18. g4 Rb8 19. Bf2 Nb3+ 20. Kc2 c5
21. Bd3 Rf6 22. Rhe1 d6 23. Bf5 Bxf5+ 24. gxf5 Rb6 25. f4 Rxf5 26. Bg3 f6 27.
fxe5 fxe5 28. Rd3 Nd4+ 29. Kc1 Rb3 30. Rxb3 Nxb3+ 31. Kc2 Nd4+ 32. Kd3 Rf3+ 33.
Ke4 Rxa3 34. Kd5 Kd7 35. Bxe5 dxe5 36. Rxe5 Nc6 37. Rh5 Ne7+ 38. Ke4 Rc3 39.
Rxc5 Kd6 40. Rh5 Rxc4+ 41. Kd3 Rc7 42. Rxh7 a5 43. Rh5 Rc5 44. Rh6+ Kd5 45.
Rh5+ Kc6 46. Rxc5+ Kxc5 47. h4 Kd5 48. h5 Ke5 49. Kc4 Kf6 50. Kb5 Nc6 51. h6
Kg6 52. h7 Kxh7 53. Ka4 Kg6 54. Kb3 Kf5 55. Ka4 Ke4 56. Ka3 Kd4 57. Kb2 Kc4 58.
Ka3 Kc3 59. Ka2 Kb4 60. Kb2 a4 61. Ka2 a3 62. Kb1 Kb3 63. Ka1 Nb4 64. Kb1 a2+
65. Ka1 Nc2# 0-1

[Event "Ermont 01st Op"]
[Site "Ermont"]
[Date "2009.05.10"]
[Round "5.4"]
[White "Andrieu, Philippe"]
[Black "Daniele, Arnaud"]
[Result "0-1"]
[WhiteElo "1914"]
[BlackElo "2010"]
[PlyCount "70"]
[EventDate "2009.05.12"]
[EventType "swiss"]
[EventRounds "6"]
[EventCountry "FRA"]

1. d4 c5 2. d5 d6 3. c4 g6 4. Nc3 Bg7 5. Nf3 Nf6 6. e4 O-O 7. Be2 a6 8. O-O Qc7
9. Bd2 h6 10. h4 e6 11. Qc1 Kh7 12. dxe6 fxe6 13. Bd3 e5 14. Nd5 Qd8 15. Qe1
Nc6 16. Nh2 Ng4 17. Nxg4 Bxg4 18. f3 Bd7 19. h5 g5 20. Be3 Nd4 21. Qg3 Ne6 22.
Qh2 Nf4 23. Nxf4 exf4 24. Bf2 Be5 25. g3 Qf6 26. gxf4 gxf4 27. Bh4 Rg8+ 28. Kh1
Qf7 29. Rg1 Qxh5 30. Raf1 Rxg1+ 31. Kxg1 Rg8+ 32. Kf2 Rg3 33. Ke2 Rh3 34. Qxf4
Bxf4 35. e5+ Bf5 0-1

[Event "Ermont 01st Op"]
[Site "Ermont"]
[Date "2009.05.10"]
[Round "5.5"]
[White "Jourdain, Antoine"]
[Black "Nossein, Francis"]
[Result "1/2-1/2"]
[WhiteElo "1922"]
[BlackElo "1840"]
[PlyCount "111"]
[EventDate "2009.05.12"]
[EventType "swiss"]
[EventRounds "6"]
[EventCountry "FRA"]

1. c4 g6 2. g3 Bg7 3. Bg2 d6 4. e3 c6 5. Ne2 e5 6. Nbc3 Nf6 7. O-O O-O 8. d4
Qe7 9. b3 Rd8 10. Qc2 a5 11. Na4 Qc7 12. Bb2 Na6 13. a3 c5 14. Nec3 Bd7 15. Nb5
Bxb5 16. cxb5 Nb8 17. dxe5 Ne8 18. exd6 Nxd6 19. Bxg7 Kxg7 20. Qxc5 Qxc5 21.
Nxc5 Nxb5 22. Bxb7 Ra7 23. Rfc1 Nd7 24. Nxd7 Rxb7 25. Nc5 Rb6 26. a4 Nd6 27.
Rd1 Nb7 28. Rxd8 Nxd8 29. Rd1 Nb7 30. Nxb7 Rxb7 31. Rd5 Rxb3 32. Rxa5 Ra3 33.
Kg2 Ra2 34. g4 h6 35. h4 Ra3 36. Ra6 Ra2 37. g5 h5 38. Kg3 Ra3 39. Kf4 Ra2 40.
f3 Ra3 41. Kg3 Rxe3 42. a5 Ra3 43. Kf4 Ra4+ 44. Kg3 Ra3 45. Ra8 Ra4 46. a6 Ra3
47. a7 Ra4 48. Kf2 Ra2+ 49. Ke3 Ra1 50. Kd4 Ra2 51. Kc5 Rc2+ 52. Kb4 Ra2 53.
Kb5 Rb2+ 54. Kc4 Ra2 55. Kc5 Rc2+ 56. Kb4 1/2-1/2

[Event "Ermont 01st Op"]
[Site "Ermont"]
[Date "2009.05.10"]
[Round "5.6"]
[White "Le Minh Trung, Remy"]
[Black "Roy, A."]
[Result "1/2-1/2"]
[WhiteElo "2078"]
[BlackElo "1889"]
[PlyCount "74"]
[EventDate "2009.05.12"]
[EventType "swiss"]
[EventRounds "6"]
[EventCountry "FRA"]

1. e4 c5 2. Nf3 Nc6 3. d4 cxd4 4. Nxd4 Nf6 5. Nc3 d6 6. Bc4 e6 7. Be3 Be7 8.
Qe2 O-O 9. O-O-O Qc7 10. Rhg1 a6 11. g4 b5 12. Bb3 b4 13. Nxc6 Qxc6 14. Nd5
exd5 15. g5 Nxe4 16. Bxd5 Nc3 17. bxc3 Qa4 18. cxb4 Qa3+ 19. Kb1 Qxb4+ 20. Bb3
Bf5 21. Bd2 Qb7 22. Bc3 a5 23. Qd2 Rfc8 24. Bb2 Ra7 25. Qd4 Bf8 26. Rc1 Qc7 27.
Rg3 Qc5 28. Qf4 Rac7 29. Rc3 Qb5 30. Rxc7 Rxc7 31. Ka1 Bg6 32. h4 Rc5 33. Ba3
Rf5 34. Qd2 Qe5+ 35. Bb2 Qf4 36. Bc3 a4 37. Qxf4 Rxf4 1/2-1/2

[Event "Ermont 01st Op"]
[Site "Ermont"]
[Date "2009.05.10"]
[Round "6.1"]
[White "Daniele, Arnaud"]
[Black "Shoker, Samy"]
[Result "0-1"]
[WhiteElo "2010"]
[BlackElo "2404"]
[PlyCount "92"]
[EventDate "2009.05.12"]
[EventType "swiss"]
[EventRounds "6"]
[EventCountry "FRA"]

1. d4 g6 2. c4 Bg7 3. Nc3 d6 4. e4 Nf6 5. Bd3 O-O 6. Nge2 Nc6 7. O-O Nh5 8. Bc2
e5 9. d5 Ne7 10. Rb1 f5 11. exf5 gxf5 12. f4 Ng6 13. Be3 Nhxf4 14. Nxf4 exf4
15. Bxf4 Nxf4 16. Rxf4 Be5 17. Rf3 f4 18. h3 Bd7 19. Ne4 Kh8 20. b4 Rg8 21.
Rbb3 Qh4 22. Kh1 Bg4 23. Qf1 Bxf3 24. Rxf3 Rg7 25. Qf2 Qh6 26. Bd3 c6 27. dxc6
bxc6 28. Qd2 d5 29. cxd5 cxd5 30. Nc5 Qd6 31. Bf1 a5 32. Nd3 axb4 33. Nxb4 Rb8
34. a3 d4 35. Nd3 Rf7 36. Nxe5 Qxe5 37. Kh2 Rb1 38. Bc4 Rf6 39. a4 Ra1 40. Bb5
Qe1 41. Qxe1 Rxe1 42. Rd3 Rd6 43. Rd2 Ra1 44. Rd3 Kg7 45. h4 Kf6 46. g3 Ke5 0-1

[Event "Ermont 01st Op"]
[Site "Ermont"]
[Date "2009.05.10"]
[Round "6.2"]
[White "Debray, Christopher"]
[Black "Jactel, Nikolas"]
[Result "1/2-1/2"]
[WhiteElo "2299"]
[BlackElo "2055"]
[PlyCount "136"]
[EventDate "2009.05.12"]
[EventType "swiss"]
[EventRounds "6"]
[EventCountry "FRA"]

1. d4 Nf6 2. c4 g6 3. Nc3 d5 4. cxd5 Nxd5 5. Bd2 Bg7 6. e4 Nb6 7. Be3 O-O 8.
Nf3 Bg4 9. Be2 Nc6 10. d5 Nb8 11. Qb3 c6 12. h3 Bxf3 13. Bxf3 cxd5 14. exd5
N8d7 15. O-O Ne5 16. Be2 Rc8 17. Rad1 Nec4 18. Bd4 Bxd4 19. Rxd4 Nd6 20. Rfd1
Qc7 21. Bg4 Rb8 22. h4 h5 23. Bh3 Nd7 24. Nb5 Nxb5 25. Qxb5 Nf6 26. d6 exd6 27.
Rxd6 Rfd8 28. Rxd8+ Rxd8 29. Rxd8+ Qxd8 30. Qxb7 Qd1+ 31. Kh2 Qd4 32. Qb8+ Kg7
33. f3 Qxh4 34. Qe5 Qc4 35. a3 Qd5 36. Qc3 Qd6+ 37. Kg1 Kg8 38. b4 Qd1+ 39. Kf2
Nd5 40. Qe5 Qd2+ 41. Kg3 Ne3 42. f4 Nf1+ 43. Kf3 Nh2+ 44. Kg3 Nf1+ 45. Kh4 Ne3
46. Kg5 Nxg2 47. Bxg2 Qxg2+ 48. Kh6 Kf8 49. Qb8+ Ke7 50. Qxa7+ Ke6 51. Qe3+ Kd7
52. Qd4+ Ke7 53. Kg7 Qa2 54. b5 Qxa3 55. Qf6+ Kd7 56. Qxf7+ Qe7 57. Qxe7+ Kxe7
58. Kxg6 h4 59. f5 h3 60. f6+ Kd7 61. f7 h2 62. f8=Q h1=Q 63. Qf5+ Kc7 64. Qc5+
Kb7 65. Kf6 Qh6+ 66. Ke5 Qg5+ 67. Kd4 Qf4+ 68. Kd5 Qf5+ 1/2-1/2

[Event "Ermont 01st Op"]
[Site "Ermont"]
[Date "2009.05.10"]
[Round "6.3"]
[White "Pozdnjakov, Evgueniy"]
[Black "Freyd, Laurent"]
[Result "1/2-1/2"]
[WhiteElo "2263"]
[BlackElo "2024"]
[PlyCount "61"]
[EventDate "2009.05.12"]
[EventType "swiss"]
[EventRounds "6"]
[EventCountry "FRA"]

1. d4 Nf6 2. Nf3 c5 3. e3 e6 4. Bd3 d5 5. b3 Nc6 6. Bb2 b6 7. Nbd2 Be7 8. a3
Bb7 9. O-O Qc7 10. Qe2 a6 11. c4 O-O 12. Rac1 dxc4 13. bxc4 cxd4 14. exd4 Rad8
15. Ne4 Na5 16. d5 exd5 17. Nxf6+ Bxf6 18. Bxf6 gxf6 19. cxd5 Qf4 20. Rc3 Rfe8
21. Qc2 Rxd5 22. Re1 Rxe1+ 23. Nxe1 f5 24. g3 Qe5 25. Nf3 Qe6 26. Qc1 Qd7 27.
Qg5+ Kh8 28. Qf6+ Kg8 29. Qg5+ Kh8 30. Qf6+ Kg8 31. Qg5+ 1/2-1/2

[Event "Ermont 01st Op"]
[Site "Ermont"]
[Date "2009.05.10"]
[Round "6.4"]
[White "Masset, Jacques"]
[Black "Richet, Vincent"]
[Result "0-1"]
[WhiteElo "1847"]
[BlackElo "1957"]
[PlyCount "48"]
[EventDate "2009.05.12"]
[EventType "swiss"]
[EventRounds "6"]
[EventCountry "FRA"]

1. d4 Nf6 2. c4 g6 3. Nc3 Bg7 4. e4 O-O 5. f4 d6 6. Nf3 c5 7. d5 e6 8. Bd3 exd5
9. cxd5 Re8 10. O-O c4 11. Bc2 Qb6+ 12. Kh1 Ng4 13. Qe2 f5 14. h3 Nf6 15. Qxc4
fxe4 16. Nxe4 Nxe4 17. Bxe4 Nd7 18. Ng5 Nc5 19. Bc2 Bd7 20. a4 Rac8 21. a5 Qb5
22. Qxb5 Bxb5 23. Rd1 Re2 24. Bb1 Nb3 0-1

[Event "Ermont 01st Op"]
[Site "Ermont"]
[Date "2009.05.10"]
[Round "6.5"]
[White "Fabre, Nicolas"]
[Black "Jourdain, Antoine"]
[Result "1-0"]
[WhiteElo "1920"]
[BlackElo "1922"]
[PlyCount "87"]
[EventDate "2009.05.12"]
[EventType "swiss"]
[EventRounds "6"]
[EventCountry "FRA"]

1. e4 g6 2. d4 Bg7 3. f4 d5 4. e5 Nh6 5. Bd3 Bg4 6. Nf3 Nc6 7. c3 Bxf3 8. Qxf3
e6 9. O-O Ne7 10. Na3 c6 11. Nc2 Qc7 12. a4 Nhf5 13. b3 h5 14. Ba3 b6 15. Rfc1
Bh6 16. Qf2 O-O 17. Bxf5 exf5 18. Re1 Rac8 19. Qh4 c5 20. Re3 Rfe8 21. h3 Kh7
22. Rf1 Ng8 23. g4 fxg4 24. hxg4 Qd8 25. Qh3 Qd7 26. Rg3 hxg4 27. Rxg4 cxd4 28.
Nxd4 Rxc3 29. Rf3 Rxf3 30. Qxf3 Bg7 31. Qg3 Nh6 32. Rh4 a6 33. Qg5 Qc8 34. Bb2
Qc5 35. Kf1 Qb4 36. Qg2 Qe7 37. Rh3 Qd7 38. Bc1 Kg8 39. Nf3 Nf5 40. Qh2 d4 41.
Ng5 f6 42. exf6 Bxf6 43. Rh7 Qc6 44. Rh8+ 1-0

[Event "Ermont 01st Op"]
[Site "Ermont"]
[Date "2009.05.10"]
[Round "6.6"]
[White "Nossein, Francis"]
[Black "Eggenspieler, Fabien"]
[Result "1/2-1/2"]
[WhiteElo "1840"]
[BlackElo "1859"]
[PlyCount "102"]
[EventDate "2009.05.12"]
[EventType "swiss"]
[EventRounds "6"]
[EventCountry "FRA"]

1. e4 e5 2. f4 exf4 3. Bc4 Nc6 4. d4 d6 5. Bxf4 Qf6 6. Be3 Qh4+ 7. Kd2 Qxe4 8.
Nf3 Bg4 9. Bxf7+ Kxf7 10. Ng5+ Ke8 11. Nxe4 Bxd1 12. Rxd1 d5 13. Ng5 Nf6 14.
Nc3 h6 15. Ne6 Kd7 16. Nxf8+ Rhxf8 17. Rf1 Rae8 18. Rae1 Re6 19. Nxd5 Ne4+ 20.
Kd3 Rxf1 21. Rxf1 Nd6 22. c3 Nd8 23. Rf8 N6f7 24. Nf4 Ra6 25. a3 g5 26. Ne2 Rf6
27. d5 b6 28. Nd4 Ke7 29. Rxf7+ Kxf7 30. Nb5 c6 31. Nxa7 Rd6 32. Bxb6 Rxd5+ 33.
Kc4 Nb7 34. Nxc6 Rd2 35. b4 Rxg2 36. Bc7 Ke6 37. Nd4+ Kd7 38. Be5 h5 39. a4
Nd6+ 40. Kd5 Nf7 41. Bb8 Kc8 42. Nc6 Rd2+ 43. Kc5 Kb7 44. b5 Nd8 45. Be5 Nxc6
46. bxc6+ Kc8 47. c4 g4 48. a5 Ra2 49. Kb6 Ra3 50. Bd6 Rb3+ 51. Kc5 Ra3 1/2-1/2